| 000 | 01593nam a2200313Ia 4500 | ||
|---|---|---|---|
| 008 | 130821s1991 sp gr spa | ||
| 020 | _a8474818990 | ||
| 040 |
_aCo-BoUCM _bspa |
||
| 041 | 0 | 0 | _aspa |
| 100 | _aKock, Josse De | ||
| 245 | 0 | 0 |
_aGramática española enseñanza e investigación _cJosse de Kock. |
| 260 |
_aSalamanca (España) _bEdiciones Universidad de Salamanca _c1991-1998 |
||
| 300 | _a4 volúmenes | ||
| 505 | _aV.1 : Apuntes metodológicos. T.4 : Ligüistica contrastiva. -- T.5 : Lengua escrita y habla culta en América y España . -- T.6 : Ligüistica del Corpus. Cuestiones teórico-metodológicas aplicadas al español. -- V.2 . Gramática. T.5 : Los pronombres demostrativos y relativos. -- T.6 : Norma, libertad y probabilidad. Ocho soluciones del español. -- V.3 : Textos. T.1 : 19 textos. -- T.2 . 20 textos. -- V.4 : Indices de formas declinadas y conjugadas. T.1 : indice alfabético, alfabético inverso y de frecuencia de 19 textos. -- T.2 : indice alfabético, alfabético inverso y de frecuencia de 20 textos. | ||
| 650 | 0 | 4 |
_aEspañol _xEnseñanza _97588 |
| 650 | 0 | 4 |
_aEspañol _xGramática comparada y general _97588 |
| 650 | 0 | 4 | _aLingüística aplicada |
| 700 | _aCaravedo, Rocío | ||
| 700 | _aDelbecque, Nicole | ||
| 700 | _aDemello, George | ||
| 700 | _aGarcía Mouton, Pilar | ||
| 700 | _aGómez Molina, Carmen | ||
| 700 | _aMelis, Ludo | ||
| 700 | _aRodríguez Gómez, José Luis | ||
| 700 | _aRoegiest, Eugeen | ||
| 700 | _aVerdonk, Robert | ||
| 942 |
_cLIBRO _a12 _e1 _mK768g _2DEWEY _h465 |
||
| 999 |
_c28686 _d28686 |
||